Départements plus peuplés que le département d'avant et d'après - Statistiques

Statistiques générales
  • Ce quiz a été pris 123 fois
  • Le résultat moyen est 27 sur 33
Statistiques - réponses
Département % Correct
Ain
95%
Paris
94%
Bouches-du-Rhône
91%
Alpes-Maritimes
90%
Gironde
90%
Nord
90%
Loire
89%
Rhône
88%
Aude
87%
Var
87%
Bas-Rhin
85%
Finistère
84%
Haute-Garonne
84%
Pas-de-Calais
83%
Loire-Atlantique
82%
Yvelines
81%
Landes
80%
Moselle
80%
Isère
78%
Marne
78%
Pyrénées-Atlantiques
78%
Charente-Maritime
77%
Eure
77%
Meurthe-et-Moselle
77%
Seine-Saint-Denis
77%
Côtes-d'Armor
76%
Somme
76%
Doubs
75%
Vendée
75%
Sarthe
73%
Lot-et-Garonne
72%
La Réunion
70%
Maine-et-Loire
68%
Aucun quiz correspondant
Distribution des résultats
% des personnes avec chaque résultat
Percentile par nombre de réponses
Votre historique - résultats
Vous n’avez pas pris ce quiz